Seven Continents 15 seconds - Statistics

General Stats
  • This quiz has been taken 27 times
  • The average score is 5 of 7
Answer Stats
Continents % Correct
Asia
100%
Europe
89%
North America
89%
Africa
83%
South America
83%
Antarctica
56%
Oceania
39%
No matching quizzes found
Score Distribution
Percent of People with Each Score
Percentile by Number Answered
Your Score History
You have not taken this quiz